000
00283nam a2200109Ia 4500
008
220204s9999 xx 000 0 und d
082
_a
065
_b
HOR
100
_a
Horowitz, Ira
245
0
_a
Decision making and the theory of firm
260
_a
New York
_b
Holt Rinehart
_c
1970
942
_c
BK
999
_c
28157
_d
28157